Nombre completo de equipos argentinos - Estadísticas

Estadísticas generales
  • Esta prueba ha sido intentada 335 veces
  • La puntuación promedio es 26 de 34
Estadísticas de respuestas
Equipo Nombre % Correcto
Estudiantes {Club}
97%
Atlético Tucumán {Club} Atlético
97%
Gimnasia {Club} de
97%
Racing Racing {Club}
97%
Argentinos Argentinos {Juniors}
95%
Boca Boca {Juniors}
95%
River River {Plate}
86%
Estudiantes Estudiantes {de} {La} {Plata}
85%
Aldosivi {Club} {Atlético}
82%
Banfield {Club} {Atlético}
82%
Boca {Club} {Atlético}
82%
Central Córdoba {Club} {Atlético}
82%
Colón {Club} {Atlético}
82%
Huracán {Club} {Atlético}
82%
Independiente {Club} {Atlético}
82%
Lanús {Club} {Atlético}
82%
Newell's {Club} {Atlético}
82%
Patronato {Club} {Atlético}
82%
River {Club} {Atlético}
82%
Rosario Central {Club} {Atlético}
82%
San Lorenzo {Club} {Atlético}
82%
Talleres {Club} {Atlético}
82%
Unión {Club} {Atlético}
82%
Vélez {Club} {Atlético}
82%
Newell's Newell's {Old} {Boys}
79%
San Lorenzo San Lorenzo {de} {Almagro}
79%
Vélez Vélez {Sarsfield}
61%
Gimnasia Gimnasia {y} {Esgrima} {La} {Plata}
56%
Argentinos {Asociación} {Atlética}
48%
Godoy Cruz Godoy Cruz {Antonio} {Tomba}
45%
Arsenal Arsenal {Fútbol} {Club}
44%
Godoy Cruz {Club} {Deportivo}
39%
Defensa y Justicia {Club} {Social} {y} {Deportivo}
32%
Patronato Patronato {de} {la} {Juventud} {Católica}
18%
No se encontraron pruebas coincidentes
Distribución de puntuación
Porcentaje de gente con cada puntuación
Porcentaje por número respondido
Historial de tus puntuaciones
No has intentado esta prueba.